LEADER 01718nam 2200421Ia 450 001 9910689977203321 005 20081120162922.0 035 $a(CKB)5470000002333478 035 $a(OCoLC)275358811 035 $a(EXLCZ)995470000002333478 100 $a20081120d1982 ua 0 101 0 $aeng 181 $ctxt$2rdacontent 182 $cc$2rdamedia 183 $acr$2rdacarrier 200 10$aWind tunnel tests of high-lift systems for advanced transports using high-aspect-ratio supercritical wings$b[electronic resource] /$fJohn B. Allen, Wayne R. Oliver, and Lee A. Spacht ; prepared for Langley Research Center under contract NAS1-15327 210 1$a[Washington, D.C.?] :$cNational Aeronautics and Space Administration, Scientific and Technical Information Office,$d1982. 215 $ax, 177 pages $cdigital, PDF file 225 1 $aNASA contractor report ;$v3523 300 $aTitle from title screen (viewed Nov. 20, 2008) 300 $a"McDonnell Douglas Corporation." 320 $aBibliography: page 177. 606 $aWind tunnels 606 $aTransport planes 615 0$aWind tunnels. 615 0$aTransport planes. 700 $aAllen$b John B$0285775 701 $aOliver$b Wayne R$01395331 701 $aSpacht$b Lee A$01395332 712 02$aLangley Research Center. 712 02$aUnited States.$bNational Aeronautics and Space Administration.$bScientific and Technical Information Office. 712 02$aMcDonnell Douglas Corporation. 801 0$bGPO 801 1$bGPO 906 $aBOOK 912 $a9910689977203321 996 $aWind tunnel tests of high-lift systems for advanced transports using high-aspect-ratio supercritical wings$93453635 997 $aUNINA LEADER 03430nam 22005895 450 001 9910253975403321 005 20220330182902.0 010 $a3-662-54329-X 024 7 $a10.1007/978-3-662-54329-0 035 $a(CKB)3710000001388804 035 $a(DE-He213)978-3-662-54329-0 035 $a(MiAaPQ)EBC4867928 035 $a(PPN)201469022 035 $a(EXLCZ)993710000001388804 100 $a20170530d2017 u| 0 101 0 $aeng 135 $aurnn#008mamaa 181 $ctxt$2rdacontent 182 $cc$2rdamedia 183 $acr$2rdacarrier 200 14$aThe German energy transition $edesign, implementation, cost and lessons /$fby Thomas Unnerstall 205 $a1st ed. 2017. 210 1$aBerlin, Heidelberg :$cSpringer Berlin Heidelberg :$cImprint: Springer,$d2017. 215 $a1 online resource (XV, 156 p.) 311 $a3-662-54328-1 327 $aIntroduction -- Part I: The German Energy Transition - What is Driving It? -- Part II: The German Energy Transition - Where Does Germany Stand Today? -- Part III: The German Energy Transition - What Does It Really Cost? -- Part IV: The German Energy Transition - Lessons to be Learned. 330 $aThe book presents a comprehensive and systematic account of the concept, the current status and the costs of the German energy transition: the Energiewende. Written by an insider who has been working in the German energy industry for over 20 years, it follows a strictly non-political, neutral approach and clearly outlines the most relevant facts and figures. In particular, it describes the main impacts of the Energiewende on the German power system and Germany?s national economy. Furthermore, it addresses questions that are of global interest with respect to energy transitions, such as the cost to the national economy, the financial burden on private households and companies and the actual effects on CO2 emissions. The book also discusses what could have been done better in terms of planning and implementing the Energiewende, and identifies important lessons for other countries that are considering a similar energy transition.an>. 606 $aEnergy policy 606 $aEnergy policy 606 $aGermany?Politics and government 606 $aRenewable energy resources 606 $aFossil fuels 606 $aEnergy Policy, Economics and Management$3https://scigraph.springernature.com/ontologies/product-market-codes/112000 606 $aGerman Politics$3https://scigraph.springernature.com/ontologies/product-market-codes/911190 606 $aRenewable and Green Energy$3https://scigraph.springernature.com/ontologies/product-market-codes/111000 606 $aFossil Fuels (incl. Carbon Capture)$3https://scigraph.springernature.com/ontologies/product-market-codes/114000 615 0$aEnergy policy. 615 0$aEnergy policy. 615 0$aGermany?Politics and government. 615 0$aRenewable energy resources. 615 0$aFossil fuels. 615 14$aEnergy Policy, Economics and Management. 615 24$aGerman Politics. 615 24$aRenewable and Green Energy. 615 24$aFossil Fuels (incl. Carbon Capture). 676 $a333.79 676 $a338.926 700 $aUnnerstall$b Thomas$4aut$4http://id.loc.gov/vocabulary/relators/aut$0989105 906 $aBOOK 912 $a9910253975403321 996 $aThe German Energy Transition$92262086 997 $aUNINA